000 00378nam a2200157Ia 4500
008 210716s1992 xx 000 0 und d
020 _a8185623236
041 _aeng
082 _a005.3631 SYCG
100 _aSyck, Gary.
245 _aTurbo pascal how to.
250 _a1
260 _aNew Delhi
_bGalgotia Publications Pvt Ltd
_c1992
300 _axiv,474
650 _aNone
999 _c182057
_d182057